000 00505nam a2200181Ia 4500
008 230917s9999||||xx |||||||||||||| ||und||
020 _cEUR35.99
040 _e256515
_aMAIN
041 _aEnglish
082 _a361.32 T375P(2)
100 _aThompson, Neil
245 0 _aProfessional social worker: Meeting the challenge
250 _a2nd ed.
260 _aLondon
_bMacmillan Publishers
_c2016
300 _axxii, 273 p.
500 _a3521 19/07/2019 RBP19/76173 26/07/2019 Main Budget
942 _cBK
999 _c31830
_d31830